000 00417nam a2200181Ia 4500
005 20240823060142.0
008 240823s9999||||xx |||||||||||||| ||und||
041 _aTAMIL
082 _A350 Q5
100 _aNalli Kuppuswami Chettiar
245 0 _aSukra Neethiyil Nirvagam
250 _a1st
260 _c2015
_bBrain Bank Public
500 _aYES
650 _aTamil
_bGeneral
942 _cBK
999 _c230455
_d230455